La carga de la prueba
Salvato in:
| Autore principale: | |
|---|---|
| Natura: | Libro |
| Lingua: | spagnolo |
| Pubblicazione: |
Caracas
Corsi y Govea Editores C. A
1989
|
| Edizione: | 1a. ed |
| Serie: | Colección Monografías Jurídicas, 1
|
| Soggetti: | |
| Tags: |
Aggiungi Tag
Nessun Tag, puoi essere il primo ad aggiungerne!!
|
MARC
| LEADER | 00000cam a2200000 a 4500 | ||
|---|---|---|---|
| 001 | UCC5828 | ||
| 003 | CL-VaPUC | ||
| 008 | 181031e19890000ve |||||||||||||||||spa|d | ||
| 020 | |a 9803006665 | ||
| 082 | 0 | 4 | |a 345.2 |b BUZ |2 21 |
| 100 | 0 | |a Buzaid, Alfredo |e author |9 600217 | |
| 245 | 1 | 3 | |a La carga de la prueba |
| 250 | |a 1a. ed | ||
| 300 | |a 51 p | ||
| 942 | |c BK | ||
| 945 | |d 20181031 17:21:00 |a dcastane | ||
| 260 | |a Caracas |b Corsi y Govea Editores C. A |c 1989 | ||
| 650 | 0 | |a Procedimiento penal |9 254974 | |
| 650 | 0 | |a Pruebas |9 256249 | |
| 583 | |a last modification |c 20181031 17:21:00 |k Rodrigo Vera | ||
| 490 | 0 | |a Colección Monografías Jurídicas, 1 | |
| 999 | |c 372937 |d 372935 | ||
| 952 | |0 0 |1 0 |2 ddc |3 erb |4 0 |6 345_200000000000000_BUZ_1989 |7 0 |8 A |9 490829 |a BIBDER |b BIBDER |e Mateluna Arestizabal, Alfredo Sergio |i 5491487 |o 345.2 BUZ 1989 |p 5491487 |r 2023-01-25 |w 2019-11-24 |y MX |z Catalogado en:20181031 |k DER | ||